[Event "NATO-ch"]
[Site "Quebec CAN"]
[Date "2014.09.12"]
[Round "7.14"]
[White "Kedzierski, Slawomir"]
[Black "Hater, David"]
[Result "0-1"]
[WhiteElo "2023"]
[BlackElo "2034"]
[PlyCount "144"]
[EventDate "2014.09.08"]
[EventType "swiss"]
[EventRounds "7"]
[EventCountry "CAN"]
[Source "Chess Mix"]
[WhiteTeam "NATO1"]
[BlackTeam "USA"]

1. d4 Nf6 2. c4 g6 3. Nc3 d5 4. Nf3 Bg7 5. Bf4 c6 6. e3 O-O 7. Be2 Nbd7 8. h3
Nb6 9. c5 Nbd7 10. b4 Ne4 11. Nxe4 dxe4 12. Nd2 f5 13. Nc4 Re8 14. O-O Nf6 15.
Be5 Be6 16. a4 Bxc4 17. Bxc4+ Nd5 18. Bxg7 Kxg7 19. Qb3 e5 20. Rad1 Qd7 21.
Bxd5 Qxd5 22. Qxd5 cxd5 23. dxe5 Rxe5 24. Rd4 Kf6 25. Rc1 Rc8 26. Kf1 g5 27.
Ke2 f4 28. h4 fxe3 29. Kxe3 gxh4 30. Rh1 Rg8 31. Rxh4 h5 32. g3 Rf5 33. Rf4
Rxf4 34. Kxf4 Ke6 35. Rd2 Rg4+ 36. Ke3 Ke5 37. b5 h4 38. gxh4 Rxh4 39. f4+ exf3
40. Rc2 Rc4 41. Rh2 Rxc5 42. Rh5+ Kd6 43. Kxf3 Rc4 44. Rh7 Rxa4 45. Rxb7 Kc5
46. Ke3 Ra3+ 47. Kd2 Kc4 48. b6 axb6 49. Rxb6 Ra2+ 50. Kd1 d4 51. Rb8 Kc3 52.
Rc8+ Kd3 53. Kc1 Ra6 54. Rh8 Ra1+ 55. Kb2 Re1 56. Rh3+ Re3 57. Rh4 Re2+ 58. Kb3
Ke3 59. Rh3+ Ke4 60. Rh4+ Kd3 61. Rg4 Re7 62. Kb2 Rc7 63. Rh4 Rb7+ 64. Kc1 Kc3
65. Rh3+ d3 66. Rg3 Re7 67. Kb1 Re6 68. Ka2 Rb6 69. Rh3 Kc2 70. Ka3 d2 71. Rh1
d1=Q 72. Rxd1 Kxd1 0-1

[Event "NATO-ch"]
[Site "Quebec CAN"]
[Date "2014.09.12"]
[Round "7.15"]
[White "Dusak, Aljaz"]
[Black "Karbowiak, Adam"]
[Result "0-1"]
[WhiteElo "1970"]
[BlackElo "2088"]
[PlyCount "74"]
[EventDate "2014.09.08"]
[EventType "swiss"]
[EventRounds "7"]
[EventCountry "CAN"]
[Source "Chess Mix"]
[WhiteTeam "Slovenia"]
[BlackTeam "Poland"]
[WhiteTeamCountry "SLO"]
[BlackTeamCountry "POL"]

1. d4 g6 2. Nf3 Nf6 3. g3 Bg7 4. Bg2 O-O 5. O-O d6 6. c4 Nc6 7. d5 Na5 8. Nbd2
c5 9. Qc2 a6 10. Rb1 e6 11. b4 cxb4 12. e4 Qc7 13. Ne1 Bd7 14. Rxb4 Rac8 15.
Qb1 exd5 16. exd5 b5 17. Ba3 bxc4 18. Nc2 Bf5 19. Rc1 Rfe8 20. Rb6 Rb8 21. Rb4
c3 22. Nf1 Nc4 23. Qb3 Nd2 24. Qa4 Bd7 25. Qxa6 Nfe4 26. Bxe4 Nxe4 27. Rxe4
Rxe4 28. Bxd6 Rb6 29. Qd3 Qc4 30. Qxc4 Rxc4 31. Nfe3 Ra4 32. Bc7 Rb7 33. d6
Rxa2 34. Nd5 Rab2 35. Na3 R7b3 36. Ra1 Bd4 37. Ba5 c2 0-1

[Event "NATO-ch"]
[Site "Quebec CAN"]
[Date "2014.09.12"]
[Round "7.17"]
[White "Aagaard, Gert"]
[Black "Musselman, Charles"]
[Result "0-1"]
[WhiteElo "2041"]
[BlackElo "1995"]
[PlyCount "66"]
[EventDate "2014.09.08"]
[EventType "swiss"]
[EventRounds "7"]
[EventCountry "CAN"]
[Source "Chess Mix"]
[WhiteTeam "Denmark"]
[BlackTeam "NATO2"]
[WhiteTeamCountry "DEN"]

1. d4 Nc6 2. Nf3 d5 3. g3 Nf6 4. Bg2 Bf5 5. O-O e6 6. c3 Be7 7. Nbd2 Ne4 8. Ne1
Nxd2 9. Bxd2 h5 10. f3 g5 11. e4 dxe4 12. fxe4 Bg6 13. Qe2 Qd7 14. b4 h4 15.
Nd3 hxg3 16. hxg3 O-O-O 17. b5 Nxd4 18. Qf2 Ne2+ 19. Qxe2 Qxd3 20. Qxd3 Rxd3
21. Be1 Bc5+ 22. Bf2 Bxf2+ 23. Rxf2 Rxg3 24. Kf1 Rxc3 25. a4 Rb3 26. Rc1 Kb8
27. Rfc2 Rc8 28. Rc4 f5 29. Rc5 Rb4 30. a5 fxe4 31. a6 Be8 32. axb7 Bxb5+ 33.
Rxb5 Rf8+ 0-1

[Event "NATO-ch"]
[Site "Quebec CAN"]
[Date "2014.09.12"]
[Round "7.18"]
[White "Szczesniak, Andrzej"]
[Black "Tucker, David Sidney"]
[Result "1/2-1/2"]
[WhiteElo "1969"]
[BlackElo "2042"]
[PlyCount "96"]
[EventDate "2014.09.08"]
[EventType "swiss"]
[EventRounds "7"]
[EventCountry "CAN"]
[Source "Chess Mix"]
[WhiteTeam "NATO1"]
[BlackTeam "United Kingdom"]

1. c4 c5 2. Nc3 Nc6 3. g3 g6 4. Bg2 Bg7 5. a3 Nf6 6. Rb1 a6 7. b4 d6 8. d3 O-O
9. e4 Bg4 10. f3 cxb4 11. axb4 Be6 12. Nge2 Nd7 13. Be3 f5 14. Nd5 fxe4 15.
dxe4 Nce5 16. Nd4 Bf7 17. Qe2 Rc8 18. Rc1 Nc6 19. Nc2 Bxd5 20. cxd5 Bc3+ 21.
Kf2 Nce5 22. f4 Bb2 23. Rcd1 Ng4+ 24. Qxg4 Rxc2+ 25. Rd2 Rxd2+ 26. Bxd2 Bd4+
27. Ke2 Nf6 28. Qe6+ Kg7 29. Rc1 Qb6 30. e5 Qb5+ 31. Ke1 dxe5 32. fxe5 Ne4 33.
Qxe7+ Rf7 34. Qxf7+ Kxf7 35. e6+ Kf6 36. Bxe4 Qb6 37. Rc8 Be3 38. Rf8+ Ke7 39.
Rf7+ Ke8 40. Rxh7 Bxd2+ 41. Kxd2 Qd4+ 42. Bd3 Qxd5 43. e7 Qd6 44. Kc2 Qe6 45.
Kd1 Qg8 46. Rh6 Kxe7 47. Rxg6 Qb3+ 48. Ke2 Qb2+ 1/2-1/2

[Event "NATO-ch"]
[Site "Quebec CAN"]
[Date "2014.09.12"]
[Round "7.19"]
[White "Kruit, Erik"]
[Black "Patron, Pascal"]
[Result "0-1"]
[WhiteElo "2024"]
[BlackElo "1935"]
[PlyCount "53"]
[EventDate "2014.09.08"]
[EventType "swiss"]
[EventRounds "7"]
[EventCountry "CAN"]
[Source "Chess Mix"]
[WhiteTeam "The Netherlands"]
[BlackTeam "France"]
[BlackTeamCountry "FRA"]

1. e4 c5 2. Nf3 Nc6 3. d4 cxd4 4. c3 dxc3 5. Nxc3 e6 6. Bf4 a6 7. Bd3 d6 8. O-O
Nge7 9. Rc1 Ng6 10. Be3 Be7 11. Qe2 O-O 12. Rfd1 Nge5 13. Bb1 Nxf3+ 14. gxf3
Qa5 15. f4 Rd8 16. Qf3 Bf6 17. Qh3 g6 18. f5 Bxc3 19. Rxc3 exf5 20. Rd5 fxe4
21. Rxa5 Bxh3 22. Bb6 Nxa5 23. Rxh3 Rdc8 24. Bxe4 Rc1+ 25. Kg2 Nc6 26. Rd3 Re8
27. f3 0-1

[Event "NATO-ch"]
[Site "Quebec CAN"]
[Date "2014.09.12"]
[Round "7.20"]
[White "Dekker, Ard"]
[Black "Balmaceda, Enrico"]
[Result "0-1"]
[WhiteElo "1940"]
[BlackElo "2054"]
[PlyCount "40"]
[EventDate "2014.09.08"]
[EventType "swiss"]
[EventRounds "7"]
[EventCountry "CAN"]
[Source "Chess Mix"]
[WhiteTeam "The Netherlands"]
[BlackTeam "USA"]

1. d4 Nf6 2. c4 e6 3. Nc3 Bb4 4. Qc2 d5 5. e3 O-O 6. Bd2 c5 7. a3 Bxc3 8. bxc3
b6 9. Nf3 Nc6 10. cxd5 exd5 11. Bb5 Ne7 12. dxc5 bxc5 13. O-O c4 14. Ba4 Bf5
15. Qd1 Rb8 16. Bc2 Rb2 17. Bxf5 Nxf5 18. Qc1 Qb6 19. Rb1 Rb8 20. Nd4 Rxb1 0-1

[Event "NATO-ch"]
[Site "Quebec CAN"]
[Date "2014.09.12"]
[Round "7.21"]
[White "Csizmadia, Csaba"]
[Black "Farrell, John"]
[Result "0-1"]
[WhiteElo "1863"]
[BlackElo "2054"]
[PlyCount "44"]
[EventDate "2014.09.08"]
[EventType "swiss"]
[EventRounds "7"]
[EventCountry "CAN"]
[Source "Chess Mix"]
[WhiteTeam "Hungary"]
[BlackTeam "NATO1"]
[WhiteTeamCountry "HUN"]

1. d4 d5 2. c4 dxc4 3. Nc3 Nf6 4. e3 a6 5. a4 e6 6. Bxc4 Nc6 7. Nf3 Bb4 8. O-O
O-O 9. Qc2 h6 10. h3 Re8 11. Rd1 Qe7 12. Bd2 e5 13. d5 e4 14. Nh2 Na7 15. Qb3
Bd6 16. Nf1 Qe5 17. Ne2 Qg5 18. Kh1 Bd7 19. Bb4 Nc8 20. Bc3 Nb6 21. a5 Nxc4 22.
Qxc4 Bb5 0-1

[Event "NATO-ch"]
[Site "Quebec CAN"]
[Date "2014.09.12"]
[Round "7.22"]
[White "Leblanc, Paul"]
[Black "Mottais, Francois"]
[Result "0-1"]
[WhiteElo "1942"]
[BlackElo "2035"]
[PlyCount "50"]
[EventDate "2014.09.08"]
[EventType "swiss"]
[EventRounds "7"]
[EventCountry "CAN"]
[Source "Chess Mix"]
[WhiteTeam "Canada 2"]
[BlackTeam "France"]
[BlackTeamCountry "FRA"]

1. d4 d5 2. c4 Nc6 3. cxd5 Qxd5 4. Nf3 e5 5. Nc3 Bb4 6. Bd2 Bxc3 7. Bxc3 e4 8.
Ne5 e3 9. f3 f5 10. Nxc6 bxc6 11. Qd3 f4 12. Qe4+ Qxe4 13. fxe4 Nf6 14. e5 Ne4
15. Rg1 Be6 16. g3 fxg3 17. hxg3 Rf8 18. Bg2 Bd5 19. O-O-O Rf2 20. Bxe4 Bxe4
21. Rde1 Kd7 22. Kd1 h5 23. b3 Ke6 24. Ref1 Raf8 25. Rxf2 exf2 0-1

[Event "NATO-ch"]
[Site "Quebec CAN"]
[Date "2014.09.12"]
[Round "7.23"]
[White "Simard, Francois"]
[Black "Koopmeiners, Karl"]
[Result "0-1"]
[WhiteElo "1961"]
[BlackElo "2023"]
[PlyCount "84"]
[EventDate "2014.09.08"]
[EventType "swiss"]
[EventRounds "7"]
[EventCountry "CAN"]
[Source "Chess Mix"]
[WhiteTeam "Canada"]
[BlackTeam "NATO2"]
[WhiteTeamCountry "CAN"]

1. d4 d5 2. c4 c6 3. cxd5 cxd5 4. Nf3 Nf6 5. Nc3 Nc6 6. Bg5 Ne4 7. Bh4 Qa5 8.
Qc1 Bg4 9. e3 e6 10. Nd2 Nxc3 11. Qxc3 Bb4 12. Qd3 Bf5 13. Qe2 Rc8 14. a3 O-O
15. Qd1 Bxd2+ 16. Qxd2 Qxd2+ 17. Kxd2 Na5 18. Bd3 Nb3+ 19. Ke2 Bxd3+ 20. Kxd3
Nxa1 21. Rxa1 Rc6 22. Rd1 Rfc8 23. Be7 Rc2 24. Rd2 Rxd2+ 25. Kxd2 f6 26. f4 Kf7
27. Bd6 g5 28. g3 Kg6 29. g4 h5 30. fxg5 Kxg5 31. gxh5 Kxh5 32. Bf4 Kg4 33. Bg3
Kf3 34. Bh4 Rh8 35. Bg3 Ke4 36. Bf4 e5 37. dxe5 fxe5 38. Bg3 Rf8 39. Ke2 d4 40.
exd4 exd4 41. Bh4 Rc8 42. Kd2 d3 0-1

[Event "NATO-ch"]
[Site "Quebec CAN"]
[Date "2014.09.12"]
[Round "7.24"]
[White "Deneyer, Frank"]
[Black "Demjen, Attila"]
[Result "0-1"]
[WhiteElo "1736"]
[BlackElo "2007"]
[PlyCount "118"]
[EventDate "2014.09.08"]
[EventType "swiss"]
[EventRounds "7"]
[EventCountry "CAN"]
[Source "Chess Mix"]
[WhiteTeam "Belgium"]
[BlackTeam "Hungary"]
[WhiteTeamCountry "BEL"]
[BlackTeamCountry "HUN"]

1. e4 c6 2. Nf3 d5 3. Nc3 dxe4 4. Nxe4 Bg4 5. Bc4 e6 6. c3 Nd7 7. d4 Ngf6 8.
Bd3 Be7 9. h3 Bxf3 10. Qxf3 Nxe4 11. Bxe4 Nf6 12. O-O Nxe4 13. Qxe4 Qd5 14.
Qxd5 cxd5 15. a4 Kd7 16. Re1 b5 17. Bd2 Rhb8 18. b4 bxa4 19. Rxa4 Kc6 20. Rea1
Rb7 21. Ra6+ Kb5 22. R1a5+ Kc4 23. Rc6+ Kd3 24. Be1 Ke2 25. Rca6 Rc7 26. Ra2+
Kd3 27. b5 Rb8 28. Rxa7 Rxa7 29. Rxa7 Bd6 30. Rxf7 Ke2 31. Rd7 Rb6 32. g4 Kxe1
33. Rxg7 Kd2 34. Rxh7 Kxc3 35. g5 Kxd4 36. g6 Rb8 37. b6 Rg8 38. g7 Kc5 39. b7
Kc6 40. h4 Kxb7 41. h5 Bf4 42. Kg2 e5 43. Kf3 Kc6 44. Rh8 Rxg7 45. h6 Rc7 46.
h7 Kc5 47. Kg4 d4 48. Kf5 d3 49. Kg6 d2 50. Rd8 Rxh7 51. Kxh7 Kc4 52. Kg6 Kc3
53. Kf5 Kc2 54. Rc8+ Kd3 55. Rd8+ Ke2 56. Ke4 d1=Q 57. Rxd1 Kxd1 58. Kf3 Ke1
59. Kg2 Ke2 0-1

[Event "NATO-ch"]
[Site "Quebec CAN"]
[Date "2014.09.12"]
[Round "7.25"]
[White "Wells, Daniel"]
[Black "De, Bock Lennart"]
[Result "1/2-1/2"]
[WhiteElo "2002"]
[BlackElo "1896"]
[PlyCount "27"]
[EventDate "2014.09.08"]
[EventType "swiss"]
[EventRounds "7"]
[EventCountry "CAN"]
[Source "Chess Mix"]
[WhiteTeam "United Kingdom"]
[BlackTeam "Belgium"]
[BlackTeamCountry "BEL"]

1. e4 d6 2. d4 Nf6 3. Nc3 c6 4. Nf3 Nbd7 5. a4 e5 6. Bc4 h6 7. O-O Be7 8. h3
Qc7 9. Re1 g5 10. Qe2 Nf8 11. dxe5 dxe5 12. Ba2 Be6 13. Bxe6 Nxe6 14. Qc4
1/2-1/2

[Event "NATO-ch"]
[Site "Quebec CAN"]
[Date "2014.09.12"]
[Round "7.30"]
[White "Rosseel, Kimball"]
[Black "Murray, Brian"]
[Result "1-0"]
[WhiteElo "1808"]
[BlackElo "1633"]
[PlyCount "79"]
[EventDate "2014.09.08"]
[EventType "swiss"]
[EventRounds "7"]
[EventCountry "CAN"]
[Source "Chess Mix"]
[WhiteTeam "Belgium"]
[BlackTeam "Canada 2"]
[WhiteTeamCountry "BEL"]

1. d4 d6 2. Nf3 Nf6 3. c4 c6 4. Nc3 a6 5. a4 g6 6. g3 Bg7 7. Bg2 O-O 8. O-O Re8
9. e4 Bg4 10. Qb3 Bxf3 11. Bxf3 Qc7 12. Rd1 Nbd7 13. Bg2 e5 14. dxe5 Rxe5 15.
Bf4 Nc5 16. Qc2 Rh5 17. Bf3 Qd7 18. Rxd6 Qh3 19. Bxh5 gxh5 20. f3 h4 21. Qg2
Qxg2+ 22. Kxg2 hxg3 23. hxg3 Ne8 24. Rdd1 Nb3 25. Rab1 Na5 26. c5 Nb3 27. Bd6
Nf6 28. e5 Nd7 29. f4 b6 30. cxb6 Nxb6 31. Bc7 Nc4 32. Rd8+ Rxd8 33. Bxd8 Nbd2
34. Re1 Nxb2 35. Re2 Ndc4 36. Kf3 h5 37. Ke4 f6 38. exf6 Nd6+ 39. Kf3 Nf5 40.
Rxb2 1-0

[Event "NATO-ch"]
[Site "Quebec CAN"]
[Date "2014.09.12"]
[Round "7.31"]
[White "Chwieseni, Edward"]
[Black "Stuhr, Finn"]
[Result "1/2-1/2"]
[WhiteElo "1739"]
[BlackElo "1800"]
[PlyCount "111"]
[EventDate "2014.09.08"]
[EventType "swiss"]
[EventRounds "7"]
[EventCountry "CAN"]
[Source "Chess Mix"]
[WhiteTeam "United Kingdom"]
[BlackTeam "Denmark"]
[BlackTeamCountry "DEN"]

1. e4 c6 2. d4 d5 3. Nd2 f6 4. Ngf3 Bg4 5. Be2 e6 6. O-O Nd7 7. c3 Bd6 8. e5
fxe5 9. Nxe5 Bxe2 10. Qxe2 Ngf6 11. b4 O-O 12. a4 Qc7 13. f4 b6 14. a5 c5 15.
axb6 axb6 16. Rxa8 Rxa8 17. bxc5 bxc5 18. g3 Ra2 19. Qe3 Nf8 20. Kh1 Qa5 21.
Qd3 cxd4 22. cxd4 Qa4 23. Nef3 Qc6 24. Qb1 Rc2 25. Bb2 Qa4 26. Rc1 Rc7 27. Rxc7
Bxc7 28. Bc3 Qa6 29. Qf1 Qa4 30. Qb1 Ng4 31. Qe1 Bd6 32. Ng5 Qc2 33. Ndf3 Qf5
34. Nh4 Qf6 35. h3 h6 36. Nxe6 Nxe6 37. hxg4 Nxf4 38. Nf5 Nh3 39. Nxd6 Qxd6 40.
Qe8+ Kh7 41. Qe5 Qc6 42. Be1 Ng5 43. Kg2 Ne4 44. Bf2 Ng5 45. Be3 Qc2+ 46. Bf2
Qc6 47. Be3 Ne4 48. Bf2 Nf6 49. g5 hxg5 50. Qxg5 Qe6 51. Qe5 Qc6 52. Qf5+ Kg8
53. Qb1 Qe6 54. Qb8+ Kh7 55. Qe5 Qc6 56. Qf5+ 1/2-1/2

[Event "NATO-ch"]
[Site "Quebec CAN"]
[Date "2014.09.12"]
[Round "7.33"]
[White "Papler, Peter"]
[Black "Echavarria Hidalgo, Fernando"]
[Result "0-1"]
[WhiteElo "1613"]
[BlackElo "1788"]
[PlyCount "54"]
[EventDate "2014.09.08"]
[EventType "swiss"]
[EventRounds "7"]
[EventCountry "CAN"]
[Source "Chess Mix"]
[WhiteTeam "Slovenia"]
[BlackTeam "NATO1"]
[WhiteTeamCountry "SLO"]

1. d4 Nf6 2. Nf3 e6 3. e3 c5 4. c3 Nc6 5. Nbd2 a6 6. Bd3 d5 7. O-O b5 8. Re1
Be7 9. Nf1 O-O 10. Ng3 cxd4 11. exd4 Bb7 12. Qc2 Rc8 13. h3 Nb4 14. Qe2 Nxd3
15. Qxd3 b4 16. Rb1 Ne4 17. cxb4 Nxg3 18. fxg3 Bxb4 19. Re5 Qc7 20. Rh5 g6 21.
Rxh7 Kxh7 22. Qe3 Rh8 23. Ne5 Kg7 24. g4 Bd6 25. Qg5 Qe7 26. Qe3 Bxe5 27. dxe5
Qc5 0-1

[Event "National Capital op"]
[Site "Ottawa CAN"]
[Date "2014.10.31"]
[Round "1"]
[White "Djerkovic, Miladin"]
[Black "Sambuev, Bator"]
[Result "0-1"]
[WhiteElo "2179"]
[BlackElo "2511"]
[PlyCount "50"]
[EventDate "2014.10.31"]
[EventType "swiss"]
[EventRounds "5"]
[EventCountry "CAN"]

1. e4 Nf6 2. e5 Nd5 3. d4 d6 4. Nf3 Bg4 5. Be2 c6 6. O-O Bxf3 7. Bxf3 dxe5 8.
dxe5 e6 9. Qe2 Nd7 10. c4 Ne7 11. b3 Qc7 12. Bb2 Ng6 13. Re1 Bb4 14. Nc3 Ndxe5
15. Be4 O-O 16. g3 Rad8 17. h4 f5 18. Bc2 f4 19. h5 fxg3 20. fxg3 Rd2 21. hxg6
Nf3+ 22. Kg2 Nxe1+ 23. Rxe1 Rxe2+ 24. Rxe2 hxg6 25. Ne4 Be7 0-1

[Event "National Capital op"]
[Site "Ottawa CAN"]
[Date "2014.10.31"]
[Round "1"]
[White "Gelblum, Robert"]
[Black "Wan, Kevin"]
[Result "1/2-1/2"]
[WhiteElo "2229"]
[BlackElo "2006"]
[PlyCount "139"]
[EventDate "2014.10.31"]
[EventType "swiss"]
[EventRounds "5"]
[EventCountry "CAN"]

1. Nf3 d5 2. d4 Nf6 3. c4 e6 4. Nc3 c6 5. Bg5 Nbd7 6. e3 Qa5 7. Nd2 Bb4 8. Qc2
O-O 9. Be2 e5 10. dxe5 Ne4 11. Ndxe4 dxe4 12. O-O Bxc3 13. bxc3 f6 14. Bf4 Nxe5
15. Bg3 Bf5 16. Qb3 b6 17. c5+ Kh8 18. Bxe5 fxe5 19. cxb6 axb6 20. Rfd1 Qc5 21.
a4 Ra7 22. Rab1 Rb7 23. Qb4 Qxb4 24. Rxb4 h6 25. a5 b5 26. c4 Ra8 27. Ra1 Bd7
28. cxb5 cxb5 29. a6 Bc6 30. h3 Rb6 31. a7 Rb7 32. Rab1 Raxa7 33. Bxb5 Bd5 34.
Be8 Rxb4 35. Rxb4 Rb7 36. Ra4 Rb6 37. h4 Kg8 38. h5 Bf7 39. Bxf7+ Kxf7 40. Rxe4
Kf6 41. Rg4 Rb5 42. Rg6+ Kf7 43. e4 Rb4 44. f3 Rb1+ 45. Kh2 Rb2 46. Kh3 Rb1 47.
Kh2 Rb2 48. Ra6 Rc2 49. Kg3 Rb2 50. Kh2 Rc2 51. Kg1 Rc1+ 52. Kf2 Rc2+ 53. Kg3
Rb2 54. Ra1 Kf6 55. Ra6+ Kf7 56. Rg6 Rc2 57. Kh2 Rb2 58. Kg1 Rb1+ 59. Kf2 Rb2+
60. Ke3 Rb3+ 61. Kd2 Rb1 62. Rc6 Rb2+ 63. Rc2 Rb1 64. Kd3 Kf6 65. Rc6+ Kf7 66.
Kc4 Rg1 67. g4 Rd1 68. Rc5 Kf6 69. Rc6+ Kf7 70. Rc7+ 1/2-1/2

[Event "National Capital op"]
[Site "Ottawa CAN"]
[Date "2014.10.31"]
[Round "1"]
[White "Zhou, Qiyu"]
[Black "Pacey, Kevin"]
[Result "1-0"]
[WhiteElo "2221"]
[BlackElo "2161"]
[PlyCount "37"]
[EventDate "2014.10.31"]
[EventType "swiss"]
[EventRounds "5"]
[EventCountry "CAN"]

1. d4 e6 2. Nf3 Nf6 3. e3 d5 4. Bd3 c5 5. b3 a6 6. O-O Be7 7. Bb2 Qc7 8. Nbd2
Nc6 9. a3 b5 10. c4 Rb8 11. cxb5 axb5 12. dxc5 Bxc5 13. Rc1 Bd6 14. Nd4 Bxh2+
15. Kh1 Bd7 16. Nxb5 Rxb5 17. Bxb5 Ke7 18. Nf3 Bd6 19. Bxc6 1-0

[Event "National Capital op"]
[Site "Ottawa CAN"]
[Date "2014.11.01"]
[Round "2"]
[White "Djerkovic, Miladin"]
[Black "Gelblum, Robert"]
[Result "1-0"]
[WhiteElo "2179"]
[BlackElo "2229"]
[PlyCount "99"]
[EventDate "2014.10.31"]
[EventType "swiss"]
[EventRounds "5"]
[EventCountry "CAN"]

1. e4 e5 2. Nf3 Nc6 3. Bb5 a6 4. Ba4 Nf6 5. O-O Be7 6. Re1 b5 7. Bb3 O-O 8. a4
b4 9. d3 d6 10. Nbd2 Na5 11. Ba2 c5 12. c3 Rb8 13. Nc4 Nxc4 14. Bxc4 a5 15.
cxb4 cxb4 16. Qb3 Nd7 17. d4 exd4 18. Nxd4 Nc5 19. Qg3 Bh4 20. Qf3 Bb7 21. Qg4
Bf6 22. Nf5 Kh8 23. e5 dxe5 24. Rd1 Qc8 25. Bg5 Qc6 26. Bd5 Qb6 27. Rac1 Bxg5
28. Qxg5 Qg6 29. Qxg6 fxg6 30. Rxc5 gxf5 31. Bxb7 Rxb7 32. Rxe5 g6 33. Rxa5 Rc8
34. Rb5 Rxb5 35. axb5 Rb8 36. Rd5 Kg7 37. f4 Kf6 38. Re5 Rb6 39. Kf2 Rd6 40.
Ke2 Kf7 41. g3 Kf6 42. Rc5 Rd7 43. b6 Ke6 44. Rb5 Rb7 45. Kd3 Kd6 46. Kc4 Kc6
47. Kxb4 Kd6 48. Ka5 Kc6 49. Ka6 Rb8 50. b7 1-0

[Event "National Capital op"]
[Site "Ottawa CAN"]
[Date "2014.11.01"]
[Round "2"]
[White "Pacey, Kevin"]
[Black "Sambuev, Bator"]
[Result "0-1"]
[WhiteElo "2161"]
[BlackElo "2511"]
[PlyCount "58"]
[EventDate "2014.10.31"]
[EventType "swiss"]
[EventRounds "5"]
[EventCountry "CAN"]

1. e4 c5 2. c3 e6 3. d4 d5 4. e5 Nc6 5. Nf3 Qb6 6. Be2 cxd4 7. cxd4 Nge7 8. Na3
Nf5 9. Nc2 Be7 10. O-O Bd7 11. Rb1 a5 12. Be3 O-O 13. a3 f6 14. exf6 Bxf6 15.
Bd3 Nxe3 16. fxe3 Ne7 17. Kh1 Bb5 18. Qe2 Bxd3 19. Qxd3 Qa6 20. Qd2 Nf5 21. g4
Nd6 22. Qg2 Ne4 23. g5 Be7 24. g6 hxg6 25. Ne5 g5 26. Ng6 Rxf1+ 27. Rxf1 Bf6
28. Qh3 g4 29. Qh8+ Kf7 0-1

[Event "National Capital op"]
[Site "Ottawa CAN"]
[Date "2014.11.01"]
[Round "2"]
[White "Wan, Kevin"]
[Black "Zhou, Qiyu"]
[Result "1-0"]
[WhiteElo "2006"]
[BlackElo "2221"]
[PlyCount "65"]
[EventDate "2014.10.31"]
[EventType "swiss"]
[EventRounds "5"]
[EventCountry "CAN"]

1. e4 c5 2. Nf3 d6 3. d4 cxd4 4. Nxd4 Nf6 5. Nc3 g6 6. Be3 Bg7 7. f3 O-O 8. Qd2
Nc6 9. O-O-O Bd7 10. Bc4 Rb8 11. Bb3 Na5 12. Bh6 Bxh6 13. Qxh6 e5 14. Nde2
Nxb3+ 15. axb3 Qa5 16. Rxd6 Qa1+ 17. Nb1 Be6 18. h4 Rbc8 19. Nec3 b5 20. h5
Nxh5 21. Rxh5 gxh5 22. Qg5+ Kh8 23. Qxe5+ Kg8 24. Nd5 Bxd5 25. Qg5+ Kh8 26.
Qf6+ Kg8 27. Rxd5 Rfe8 28. Rg5+ Kf8 29. Qh6+ Ke7 30. Re5+ Kd7 31. Rd5+ Kc7 32.
Qd6+ Kb7 33. Rxb5+ 1-0

[Event "National Capital op"]
[Site "Ottawa CAN"]
[Date "2014.11.01"]
[Round "3"]
[White "Sambuev, Bator"]
[Black "Gelblum, Robert"]
[Result "1-0"]
[WhiteElo "2511"]
[BlackElo "2229"]
[PlyCount "55"]
[EventDate "2014.10.31"]
[EventType "swiss"]
[EventRounds "5"]
[EventCountry "CAN"]

1. d4 d6 2. g3 g6 3. Bg2 Bg7 4. e4 Nf6 5. Ne2 O-O 6. O-O e5 7. h3 exd4 8. Nxd4
Re8 9. Nc3 Na6 10. Nb3 Rb8 11. Bg5 h6 12. Be3 b6 13. Qd2 Kh7 14. f4 Bb7 15. e5
Bxg2 16. Qxg2 dxe5 17. Rad1 Qc8 18. fxe5 Rxe5 19. Bd4 Re6 20. Bxf6 Rxf6 21. Nd5
Rxf1+ 22. Qxf1 f5 23. Qe2 c6 24. Nf4 Nb4 25. Rd6 g5 26. Ne6 Qe8 27. Qf3 Rb7 28.
Qxf5+ 1-0

[Event "National Capital op"]
[Site "Ottawa CAN"]
[Date "2014.11.01"]
[Round "3"]
[White "Wan, Kevin"]
[Black "Pacey, Kevin"]
[Result "1-0"]
[WhiteElo "2006"]
[BlackElo "2161"]
[PlyCount "31"]
[EventDate "2014.10.31"]
[EventType "swiss"]
[EventRounds "5"]
[EventCountry "CAN"]

1. e4 e6 2. d4 d5 3. Nd2 Nc6 4. c3 e5 5. dxe5 dxe4 6. Qa4 e3 7. fxe3 Bc5 8. Nb3
Bb6 9. Nf3 Bd7 10. Bb5 Qe7 11. Nbd4 Qc5 12. O-O Nb8 13. Bxd7+ Nxd7 14. e6 fxe6
15. Nxe6 Qe7 16. Qe4 1-0

[Event "National Capital op"]
[Site "Ottawa CAN"]
[Date "2014.11.01"]
[Round "3"]
[White "Zhou, Qiyu"]
[Black "Djerkovic, Miladin"]
[Result "1-0"]
[WhiteElo "2221"]
[BlackElo "2179"]
[PlyCount "85"]
[EventDate "2014.10.31"]
[EventType "swiss"]
[EventRounds "5"]
[EventCountry "CAN"]

1. d4 Nf6 2. Nf3 e6 3. e3 c5 4. Bd3 b6 5. O-O Bb7 6. c4 Be7 7. Nc3 cxd4 8. exd4
O-O 9. d5 h6 10. Bc2 Bb4 11. Ne4 exd5 12. Nxf6+ Qxf6 13. a3 Bd6 14. cxd5 Rc8
15. Qd3 Rxc2 16. Qxc2 Bxd5 17. Qd3 Bb7 18. Rd1 Bc7 19. Bd2 Nc6 20. Bc3 Qf4 21.
Qd2 Qa4 22. Re1 Rd8 23. Nd4 Qc4 24. Nf5 Qg4 25. Ng3 d5 26. Qe2 Qg6 27. Rac1 d4
28. Bd2 Qd6 29. Qh5 Qd5 30. Re8+ Kh7 31. Rxd8 Qxh5 32. Nxh5 Bxd8 33. Re1 Kg6
34. Nf4+ Kf5 35. h3 g5 36. g4+ Kf6 37. Nh5+ Kg6 38. Re8 Kh7 39. b4 Bc7 40. b5
Ne5 41. Bb4 Bd5 42. Nf6+ Kg7 43. Nxd5 1-0

[Event "National Capital op"]
[Site "Ottawa CAN"]
[Date "2014.11.02"]
[Round "5"]
[White "Pacey, Kevin"]
[Black "Gelblum, Robert"]
[Result "1/2-1/2"]
[WhiteElo "2161"]
[BlackElo "2229"]
[PlyCount "45"]
[EventDate "2014.10.31"]
[EventType "swiss"]
[EventRounds "5"]
[EventCountry "CAN"]

1. e4 c5 2. Nf3 d6 3. Bd3 g6 4. c3 Bg7 5. Bc2 Nc6 6. O-O Nf6 7. d4 cxd4 8. cxd4
Bg4 9. d5 Ne5 10. Nbd2 O-O 11. h3 Nxf3+ 12. Nxf3 Bxf3 13. Qxf3 Rc8 14. Bb3 Nd7
15. Rb1 Qa5 16. Bg5 Rc7 17. Qe2 Nc5 18. Bd2 Qb6 19. Be3 a5 20. f3 Rfc8 21. Kh1
Qa7 22. Ba4 Qa8 23. Bb5 1/2-1/2

[Event "National Capital op"]
[Site "Ottawa CAN"]
[Date "2014.11.02"]
[Round "5"]
[White "Zhou, Qiyu"]
[Black "Sambuev, Bator"]
[Result "0-1"]
[WhiteElo "2221"]
[BlackElo "2511"]
[PlyCount "54"]
[EventDate "2014.10.31"]
[EventType "swiss"]
[EventRounds "5"]
[EventCountry "CAN"]

1. d4 d5 2. Nf3 c5 3. e3 Nc6 4. c3 cxd4 5. exd4 Bg4 6. Nbd2 e6 7. Qa4 f6 8. Bd3
Bd6 9. O-O Nge7 10. Re1 Qd7 11. c4 Nb4 12. Qxd7+ Kxd7 13. Bb1 Bxf3 14. gxf3
Nbc6 15. c5 Bf4 16. Nb3 Bxc1 17. Rxc1 Ng6 18. Bd3 Nf4 19. Bf1 g5 20. Rd1 Rag8
21. Nc1 g4 22. fxg4 Rxg4+ 23. Kh1 Rhg8 24. Bb5 Nh3 25. Nd3 Rxd4 26. Rd2 Kc7 27.
Bxc6 Rxd3 0-1

[Event "National Capital op U1900"]
[Site "Ottawa CAN"]
[Date "2014.10.31"]
[Round "1"]
[White "Kearnan, Daniel"]
[Black "Marin, Sam"]
[Result "1-0"]
[WhiteElo "1766"]
[BlackElo "1606"]
[PlyCount "49"]
[EventDate "2014.10.31"]
[EventType "swiss"]
[EventRounds "5"]
[EventCountry "CAN"]

1. d4 Nf6 2. c4 g6 3. g3 Bg7 4. Bg2 d6 5. Nf3 c6 6. O-O O-O 7. Nc3 Nbd7 8. e4
e5 9. h3 Ne8 10. Re1 Nb6 11. dxe5 Nxc4 12. exd6 Qxd6 13. Qe2 Ne5 14. Nxe5 Bxe5
15. f4 Bg7 16. e5 Qe7 17. Be3 f6 18. Ne4 Rf7 19. Bc5 Qe6 20. exf6 Bf8 21. Bd4
h6 22. Qd3 Qf5 23. g4 Qb5 24. Qc2 Bd7 25. Nc3 1-0